Deutsche Musiker nach Buchstabe - A - Statistiken

Allgemein
  • Dieses Quiz wurde 293 mal gespielt
  • Das Durchschnittsergebnis liegt bei 6 aus 20
Antwortstatistiken
Aktive Jahre Songs Antwort % Korrekt
1982-1988, 1993- Schrei nach Liebe | Junge Ärzte, die
81%
2018- Roller | Komet Apache 207
74%
1983- Forever Young | Big in Japan Alphaville
69%
2006- Willst du | Du bist schön Alligatoah
54%
2011- Pocahontas | Oft gefragt AnnenMayKantereit
52%
1931-1959 Auf der Reeperbahn nachts um halb eins | La Paloma Albers, Hans
34%
1980- Sie sagte doch sie liebt mich | Independent Girl Anders, Thomas
30%
2020- Sie weiß | Hässlich Ayliva
27%
2020- Belgisches Viertel | Rubinroter Wein ART
25%
2009- Please Tell Rosie | Bad Ideas Alle Farben
20%
1939-1971 Ein Schiff wird kommen | Lili Marleen Andersen, Lale
20%
2000- Bilder von dir | Keine wie du Al-Deen, Laith
18%
2016- Fast Life | Überlebt Azet
12%
1963- Junger Adler | Geistertruck Astor, Tom
10%
1971-1989, 1992-1997, 2004-2005, 2009- Balls To The Wall | Fast As A Shark Accept
9%
1959- Yesterday Man | Pretty Belinda Andrews, Chris
8%
1970- Weißt du was du für mich bist | Ich geh für dich durch's Feuer Amigos, die
7%
1998- Your Love (9PM) | 9PM (Till I Come) ATB
6%
2014- Holterdiepolter | Ohne Dich Anstandslos & Durchgeknallt
4%
1996- Goodbye | Arcadia Apparat
1%
Keine übereinstimmenden Quizze gefunden
Verteilung der Resultate
Anzahl Personen mit jedem Resultat
Perzentil nach korrekt beantworteten Fragen
Ihre Resultats-Entwicklung
Sie haben dieses Quiz noch nicht gespielt